| 000 | 00669nam a2200253Ia 4500 | ||
|---|---|---|---|
| 003 | OSt | ||
| 005 | 20221006144055.0 | ||
| 006 | a|||||r|||| 00| 0 | ||
| 007 | ta | ||
| 008 | 221006b |||||||| |||| 00| 0 eng d | ||
| 020 | _c75.00 | ||
| 024 | _a10,809 | ||
| 037 | _cTextual | ||
| 040 |
_aEASL _cEASL _beng |
||
| 041 |
_2eng _aeng |
||
| 082 | _aW81,(Y49), M1 | ||
| 100 | _aSHARMA M.C | ||
| 245 | 0 |
_aKnowledge class _b A new theory of proletarian revolution |
|
| 260 |
_aNew Delhi _bMarwah Publications _c1981 |
||
| 300 |
_a252p. _ccm. |
||
| 490 | _v Oth | ||
| 942 |
_hW81,(Y49), M1 _cTEXL _2CC |
||
| 999 |
_c1078895 _d1078895 |
||